000 005850000a22001930004500
090 _aAR
_b00469
245 1 0 _aPredation by squirrel monkeys and double-toothed kites on tent-making bats
650 1 4 _aMurciélagos
_92659
650 1 4 _aDepredación
_973352
650 1 4 _aMonos
_9897
651 4 _pCosta Rica
_992749
653 _gSaimiri
_eSaimiri oerstedi
653 _gHarpagus
_eHarpagus bidentatus
041 0 _aInglés
700 1 _aTimm, Robert M.
_993403
100 1 _aBoinski, Sue
_993477
942 _cARTICULO
773 1 _tAmerican Journal of Primatology
_3184
_h9
_q121-127
_d1985
999 _c9565
_d9565